Central Library OPAC University of Rajshahi

Microeconomic Theory / (Record no. 51454)

MARC details
000 -LEADER
fixed length control field 00619nam a22002177a 4500
001 - CONTROL NUMBER
control field 51454
003 - CONTROL NUMBER IDENTIFIER
rucl marc code BD-RjUL
005 - DATE AND TIME OF LATEST TRANSACTION
control field 20211209075650.0
008 - FIXED-LENGTH DATA ELEMENTS--GENERAL INFORMATION
fixed length control field 160831s19861977ii a|||| |||| 00| 0 eng d
035 ## - SYSTEM CONTROL NUMBER
System control number (BD-RjUL)51574
040 ## - CATALOGING SOURCE
Original cataloging agency BD-RjUL
Language of cataloging eng
Transcribing agency BD-RjUL
Modifying agency BD-RjUL
041 ## - LANGUAGE CODE
Language code of text/sound track or separate title eng
082 ## - DEWEY DECIMAL CLASSIFICATION NUMBER
Edition number 23
Classification number 338.5
Author mark and year JHM 1986
100 ## - MAIN ENTRY--PERSONAL NAME
Personal name Jhingan, M. L.
9 (RLIN) 153882
245 ## - TITLE STATEMENT
Title Microeconomic Theory /
Statement of responsibility, etc. M. L. Jhingan
250 ## - EDITION STATEMENT
Edition statement 1st ed & 4th Rev.
260 ## - PUBLICATION, DISTRIBUTION, ETC. (IMPRINT)
Place of publication, distribution, etc. New Delhi :
Name of publisher, distributor, etc. Konark Publication,
Date of publication, distribution, etc. 1977, [4th Revised 1986]
300 ## - PHYSICAL DESCRIPTION
Pagination xv, 784 p. :
Illustrations ill ;
Size 24 cm.
650 ## - SUBJECT ADDED ENTRY--TOPICAL TERM
Topical term or geographic name as entry element Microeconomics.
9 (RLIN) 153883
942 ## - ADDED ENTRY ELEMENTS (KOHA)
Source of classification or shelving scheme Dewey Decimal Classification
Koha item type Books
Holdings
Lost status Source of classification or shelving scheme Damaged status Not for loan Collection code Permanent Location Current Location Shelving location Date acquired Source of acquisition Cost, normal purchase price Total Checkouts Full call number Date last seen Copy number Koha item type
  Dewey Decimal Classification     Non-fiction Central Library, University of Rajshahi Central Library, University of Rajshahi   10/10/1987 Zeithinger 165.00   338.5 JHM 1986 31/08/2016 C-2 Books